|
|
|
|
| LEADER |
00703nam a2200193Ia 4500 |
| 001 |
CTU_35398 |
| 008 |
210402s9999 xx 000 0 und d |
| 082 |
|
|
|a 621.31
|
| 082 |
|
|
|b Tr561g
|
| 100 |
|
|
|a Trường Đại học Bách khoa Hà Nội
|
| 245 |
|
0 |
|a Giáo trình trang bị điện đại cương
|
| 245 |
|
0 |
|b Dùng cho sinh viên ngành không chuyên điện
|
| 245 |
|
0 |
|c Trường Đại học Bách khoa Hà Nội
|
| 260 |
|
|
|a Hà Nội
|
| 260 |
|
|
|b Trường Đại học Bách khoa Hà Nội
|
| 260 |
|
|
|c 1992
|
| 650 |
|
|
|a electricity
|
| 904 |
|
|
|i Nguyễn Quang Điền, 000229
|
| 980 |
|
|
|a Trung tâm Học liệu Trường Đại học Cần Thơ
|